00941nam a22001937a 4500003000400000005001700004008004100021020001500062040000700077100002800084245009000112260003600202300001900238500005400257505035500311650002700666650002300693650003100716OSt20180927092900.0180220b xxu||||| |||| 00| 0 spa d a9501401448 cPJ aKenny, Héctor Eduardo13aLa intervención obligada de terceros en el proceso civil /cHéctor Eduardo Kenny. aBuenos Aires :cDepalma,b1983. a148 p.c20 cm. aNotas y citas bibliográficas a pie de página. aContenido: Las partes en el proceso contencioso -- Pluralidad de partes -- Naturaleza jurídica de la intervención obligada de terceros -- Casos de intervención coactiva y diferencias con otras figuras procesales -- Del trámite de la intervención obligada en particular -- Contingencias procesales derivadas de la intervención del tercero. 0aDERECHO PROCESAL CIVIL 0aPARTES DEL PROCESO 0aINTERVENCIÓN DE TERCEROS